[Event "Tourn. n9897"]
[Site "www.echecsemail.com"]
[Date "2018.10.01"]
[Round "1"]
[White "Johnmcbride"]
[Black "Bigrezi"]
[WhiteElo "2040"]
[BlackElo "2300"]
[Result "0-1"]
[Round "1"]
1.e4 e6
2.f4 d5
3.e5 c5
4.Ng1f3 Nb8c6
5.c4 Bf8e7
6.cxd5 exd5
7.Bf1b5 Bc8d7
8.O-O Qd8b6
9.Nb1c3 O-O-O
10.a4 d4
11.Nc3d5 Qb6a5
12.Qd1c2 Bd7e6
13.Nd5xe7 Ng8xe7
14.Nf3g5 Qa5b6
15.Bb5xc6 Qb6xc6
16.d3 Kb8
17.h4 Ne7f5
18.Qc2f2 c4
19.g4 Nf5e3
20.Bc1xe3 dxe3
21.Qf2xe3 Rd8xd3
22.Qe3f2 Be6xg4
23.Ra1a3 f6
24.Ra3xd3 cxd3
25.exf6 gxf6
26.Ng5f7 Rh8e8
27.f5 Bg4e2
28.Qf2g3 Qc6c7
29.Nf7d6 Re8h8
30.Rf1a1 d2
31.Nd6e4 Qc7xg3
32.Ne4xg3 d1Q
33.Ra1xd1 Be2xd1
34.Ng3e4 Rh8f8
35.Ne4c5 Kc8
36.Kf1 Rf8e8
37.a5 Re8e5
38.b4 b6
39.Nc5d3 Bd1e2
{ resign }
0-1

[Event "Tourn. n9932"]
[Site "www.echecsemail.com"]
[Date "2018.10.01"]
[Round "1"]
[White "Bira47"]
[Black "Trisomie73"]
[WhiteElo "1980"]
[BlackElo "1809"]
[Result "1-0"]
[Round "1"]
1.c4 g6
2.g3 Bf8g7
3.Bf1g2 c5
4.Nb1c3 Nb8c6
5.a3 e6
6.e3 Ng8e7
7.Ng1e2 O-O
8.O-O d5
9.cxd5 exd5
10.d4 cxd4
11.Ne2xd4 Nc6xd4
12.exd4 Bc8e6
13.Bc1g5 h6
14.Bg5xe7 Qd8xe7
15.Rf1e1 Qe7d6
16.Nc3b5 Qd6b6
17.a4 Rf8c8
18.Ra1c1  { time }
1-0

[Event "Match"]
[Site "www.echecsemail.com"]
[Date "2018.10.01"]
[Round "1"]
[White "Pinehill"]
[Black "J1j6"]
[WhiteElo "2100"]
[BlackElo "2050"]
[Result "1-0"]
[Round "1"]
1.e4 e5
2.d4 exd4
3.Bf1c4 Bf8c5
4.Ng1f3 Qd8e7
5.O-O f6
6.c3 dxc3
7.Nb1xc3 c6
8.e5  { time }
1-0

[Event "Tourn. n9952"]
[Site "www.echecsemail.com"]
[Date "2018.10.01"]
[Round "1"]
[White "Hansen"]
[Black "Picifarkinca"]
[WhiteElo "1640"]
[BlackElo "1480"]
[Result "0-1"]
[Round "1"]
1.e4 c5
2.Nb1c3 e6
3.d3 Nb8c6
4.Bc1f4 d6
5.Ng1f3 Ng8f6
6.Nf3g5 Bf8e7
7.Nc3b5 O-O
8.c3 a6
9.Nb5a3 b5
10.b4 cxb4
11.cxb4 Nc6xb4
12.e5 Nf6d5
13.Ng5h3 Nd5xf4
14.Nh3xf4 dxe5
15.Nf4h5 f5
16.g4 g6
17.Nh5g3 Bc8b7
18.f3 fxg4
19.Rh1g1 gxf3
20.Na3b1 f2
21.Kd2 fxg1Q
22.Nb1c3 Be7g5
23.Ke1 Qg1f2
{ resign }
0-1

[Event "Match"]
[Site "www.echecsemail.com"]
[Date "2018.10.01"]
[Round "1"]
[White "Apdash"]
[Black "Luzhin"]
[WhiteElo "2170"]
[BlackElo "2470"]
[Result "0-1"]
[Round "1"]
1.e4 c5
2.Ng1f3 d6
3.d4 cxd4
4.Nf3xd4 Ng8f6
5.Nb1c3 a6
6.Bf1e2 e5
7.Nd4b3 Bf8e7
8.O-O O-O
9.Bc1e3 Bc8e6
10.f4 exf4
11.Be3xf4 Nb8c6
12.Be2f3 Nc6e5
13.Bf4xe5 dxe5
14.Qd1e2 Ra8c8
15.Ra1d1 Qd8b6
16.Kh1 Be6c4
17.Qe2f2 Be7d8
18.Qf2xb6 Bd8xb6
19.Bf3e2 Bc4xe2
20.Nc3xe2 Nf6xe4
21.Rd1d7 Ne4f2
22.Kg1 Rc8xc2
23.Rd7xb7 Nf2h3
24.Kh1 Nh3f2
25.Kg1 Bb6e3
26.Ne2g3 Nf2g4
27.Kh1 f5
28.h3 Ng4f2
29.Kh2 f4
30.Ng3h1 Nf2d3
31.Nb3a1 Rc2e2
32.h4 f3
33.Nh1g3 Re2d2
{ resign }
0-1

[Event "Tourn. n9862"]
[Site "www.echecsemail.com"]
[Date "2018.10.01"]
[Round "1"]
[White "Piriot"]
[Black "Cathar"]
[WhiteElo "2380"]
[BlackElo "2269"]
[Result "0-1"]
[Round "1"]
1.b4 e5
2.Bc1b2 d6
3.e3 g6
4.c4 Bf8g7
5.f4 Nb8d7
6.Ng1f3 Ng8f6
7.fxe5 Nf6g4
8.Bf1e2 Ng4xe5
9.d4 Ne5xf3
10.Be2xf3 Qd8e7
11.O-O Qe7xe3
12.Kh1 O-O
13.Rf1e1 Qe3g5
14.Nb1c3 Nd7f6
15.Nc3e4 Nf6xe4
16.Bf3xe4 c6
17.Qd1c2 Bc8d7
18.d5 Bg7xb2
19.Qc2xb2 cxd5
20.Be4xd5 Bd7c6
21.Ra1d1 Bc6xd5
22.Rd1xd5 Qg5f4
23.Rd5d4 Qf4f6
24.Qb2d2 Rf8e8
25.Re1xe8 Ra8xe8
26.h3 Re8e2
27.Qd2xe2 Qf6xd4
28.b5 Qd4a1
29.Kh2 Qa1e5
30.Qe2xe5 dxe5
31.Kg3 Kf8
32.Kf3 f5
33.c5 Ke7
34.a4 Ke6
{ resign }
0-1

[Event "1/128 Finale"]
[Site "www.chess-mail.com"]
[Date "2018.10.01"]
[Round "1"]
[White "Jaroslavpech"]
[Black "Wegaman"]
[WhiteElo "2460"]
[BlackElo "2080"]
[Result "1-0"]
[Round "1"]
1.e4 e6
2.d4 d5
3.e5 c5
4.c3 Nb8c6
5.Ng1f3 Qd8b6
6.a3 cxd4
7.cxd4 Bc8d7
8.Nb1c3 Ng8e7
9.b4 Ne7f5
10.Nc3a4 Qb6c7
11.Bc1b2 g6
12.Na4c5 Bf8xc5
13.dxc5 O-O
14.Bf1d3 Ra8d8
15.O-O a6
16.Qd1d2 Rf8e8
17.Bd3xf5 exf5
18.Qd2h6 f6
19.exf6 Bd7e6
20.Rf1e1 Kh8
21.f7 { resign }
1-0

[Event "Fast Game"]
[Site "www.echecsemail.com"]
[Date "2018.10.01"]
[Round "1"]
[White "Stevep84"]
[Black "Zack1984"]
[WhiteElo "2000"]
[BlackElo "1700"]
[Result "0-1"]
[Round "1"]
1.e4 Ng8f6
2.e5 Nf6d5
3.d4 d6
4.Ng1f3 Bc8g4
5.Bf1e2 e6
6.O-O Bf8e7
7.c4 Nd5b6
8.Nb1c3 O-O
9.h3 Bg4h5
10.a3 dxe5
11.Nf3xe5 Bh5xe2
12.Nc3xe2 Be7f6
13.Qd1c2 c5
14.Bc1e3 cxd4
15.Be3xd4 Qd8c7
16.Bd4xb6 Qc7xb6
17.Ne5d3 Nb8c6
18.Ra1d1 Rf8d8
19.b4 Ra8c8
20.Nd3f4 a5
21.c5 Qb6b5
22.a4 Nc6xb4
23.axb5 Nb4xc2
24.Rd1xd8 Rc8xd8
25.Rf1c1 Nc2b4
26.Nf4h5 Bf6e7
27.c6 bxc6
28.bxc6 Rd8c8
29.Ne2d4 g6
30.Nh5g3 e5
31.Nd4f3 Rc8xc6
32.Rc1a1 Rc6a6
33.Nf3xe5 Be7f6
34.f4 a4
35.Ng3e4 Bf6xe5
36.fxe5 a3
37.Ne4f6 Kg7
38.Kf1 a2
39.Ke2 Nb4c2
40.Ra1f1 a1Q
41.Rf1xa1 Ra6xa1
42.Kd2 Nc2e1
43.g3 Ne1f3
44.Ke3 Nf3xe5
{ resign }
0-1

[Event "Fast Game"]
[Site "www.echecsemail.com"]
[Date "2018.10.01"]
[Round "1"]
[White "Zack1984"]
[Black "Apdash"]
[WhiteElo "1790"]
[BlackElo "1870"]
[Result "1-0"]
[Round "1"]
1.e4 c5
2.d4 cxd4
3.c3 dxc3
4.Bf1c4 e6
5.Nb1xc3 Bf8b4
6.Ng1f3 a6
7.O-O Bb4xc3
8.bxc3 b5
9.Bc4d3 Bc8b7
10.a4 bxa4
11.Qd1xa4 Ng8e7
12.Bc1a3 O-O
13.Qa4b4 Qd8c7
14.Qb4xe7 Qc7xc3
15.Qe7xf8 { resign }
1-0

[Event "Match"]
[Site "www.echecsemail.com"]
[Date "2018.10.02"]
[Round "1"]
[White "Llord"]
[Black "Zack1984"]
[WhiteElo "1930"]
[BlackElo "1370"]
[Result "0-1"]
[Round "1"]
1.e4 Ng8f6
2.Nb1c3 Nb8c6
3.Ng1f3 e5
4.Bf1c4 Nf6xe4
5.d3 Ne4xc3
6.bxc3 d5
7.Bc4b5 Qd8f6
8.Bc1g5 Qf6g6
9.Qd1d2 f6
10.Bg5h4 Qg6xg2
11.O-O-O Qg2xf3
12.d4 exd4
13.cxd4 Kf7
14.Bb5e2 Qf3a3
15.Kb1 Bc8f5
16.Qd2e3 Bf5xc2
17.Kxc2 Qa3xa2
18.Kc1 Bf8a3
{ resign }
0-1

[Event "Match"]
[Site "www.echecsemail.com"]
[Date "2018.10.02"]
[Round "1"]
[White "Cal"]
[Black "Alcon"]
[WhiteElo "1710"]
[BlackElo "1199"]
[Result "0-1"]
[Round "1"]
1.c4 f5
2.Nb1c3 Ng8f6
3.Ng1f3 d6
4.d3 e5
5.Bc1g5 c6
6.h3 Bc8e6
7.e3 Bf8e7
8.d4 e4
9.Nf3h4 O-O
10.Bf1e2 Nb8d7
11.O-O a5
12.f4 b6
13.a3 d5
14.cxd5 Nf6xd5
15.Bg5xe7 Qd8xe7
16.Qd1e1 Nd5xe3
17.Qe1g3 Ne3xf1
18.Ra1xf1 Nd7f6
19.Qg3g5 Nf6d5
20.Nc3xd5 Qe7xg5
21.fxg5 cxd5
22.Be2b5 g6
23.Bb5c6 Ra8c8
24.Bc6b5 Rc8c2
25.b4 axb4
26.a4 Rf8c8
27.Kh2 Rc2d2
28.Rf1b1 Rd2xd4
29.Rb1b2 Rc8c3
30.g3 f4
31.gxf4 Rc3xh3
32.Kg2 Rh3xh4
33.Rb2e2 Rh4xf4
34.Kg3 Rf4g4
35.Kf2 Rg4xg5
36.Re2e3 Rd4d2
37.Bb5e2 Be6g4
38.Kf1 Rd2xe2
39.Re3b3 Rg5f5
40.Kg1 Rf5f2
41.Rb3g3 Bg4f3
42.Rg3g5 Rf2g2
43.Rg5xg2 Re2xg2
44.Kf1 b3
{ resign }
0-1

[Event "Tourn. n9919"]
[Site "www.echecsemail.com"]
[Date "2018.10.02"]
[Round "1"]
[White "Hundegana"]
[Black "Kevinking"]
[WhiteElo "2060"]
[BlackElo "1970"]
[Result "1-0"]
[Round "1"]
1.e4 e6
2.d4 d5
3.e5 c5
4.c3 Nb8c6
5.Ng1f3 Bc8d7
6.Nb1d2 cxd4
7.cxd4 Ra8c8
8.a3 Ng8h6
9.Nd2b3 Qd8b6
10.Bf1e2 Nh6f5
11.O-O Bf8e7
12.g4 Nf5h4
13.Nf3xh4 Be7xh4
14.Bc1f4 Bh4e7
15.Ra1c1 Qb6d8
16.Kh1 O-O
17.Rf1g1 Qd8b6
18.h3 Nc6a5
19.Nb3xa5 Qb6xa5
20.Qd1d2 Qa5xd2
21.Bf4xd2 Bd7a4
22.f4 f6
23.Rc1xc8 Rf8xc8
{ time. }
1-0

[Event "Tourn. n9883"]
[Site "www.echecsemail.com"]
[Date "2018.10.02"]
[Round "1"]
[White "Cathar"]
[Black "Stepanpech"]
[WhiteElo "2400"]
[BlackElo "2480"]
[Result "0-1"]
[Round "1"]
1.Ng1f3 Ng8f6
2.g3 g6
3.b3 Bf8g7
4.Bc1b2 O-O
5.Bf1g2 d5
6.O-O c5
7.c4 d4
8.b4 Rf8e8
9.bxc5 e5
10.d3 Nb8d7
11.Bb2a3 Qd8c7
12.Nb1d2 Nd7xc5
13.Ba3xc5 Qc7xc5
14.Nf3g5 Qc5c7
15.Qd1a4 Bc8d7
16.Qa4a3 Bd7c6
17.Bg2xc6 Qc7xc6
18.Ng5e4 Nf6d7
19.Qa3d6 f5
20.Qd6xc6 bxc6
21.Ne4d6 Re8e6
22.Nd6b7 c5
23.Nd2b3 Bg7f8
24.e3 Ra8b8
25.Nb7a5 dxe3
26.fxe3 Re6a6
27.e4 Bf8d6
28.exf5 Bd6c7
29.fxg6 hxg6
{ resign }
0-1

[Event "Match"]
[Site "www.echecsemail.com"]
[Date "2018.10.02"]
[Round "1"]
[White "Iko"]
[Black "Zack1984"]
[WhiteElo "1830"]
[BlackElo "1370"]
[Result "0-1"]
[Round "1"]
1.e4 Ng8f6
2.Nb1c3 Nb8c6
3.Ng1f3 e5
4.Bf1b5 Bf8c5
5.Bb5xc6 dxc6
6.Nf3xe5 Bc5xf2
7.Kxf2 Qd8d4
8.Ke1 Qd4xe5
9.d3 Nf6d5
10.Nc3xd5 cxd5
11.d4 Qe5xe4
12.Qd1e2 Qe4xe2
13.Kxe2 Bc8f5
14.c3 Kd7
15.Rh1f1 Ra8e8
16.Kd2 Bf5g6
17.h4 Re8e4
18.g3 Rh8e8
19.Kd1 Re4e2
20.g4 Bg6c2

0-1

[Event "Match"]
[Site "www.echecsemail.com"]
[Date "2018.10.02"]
[Round "1"]
[White "Remus"]
[Black "Bjonil60"]
[WhiteElo "1499"]
[BlackElo "1470"]
[Result "0-1"]
[Round "1"]
1.Ng1f3 Nb8c6
2.e4 e5
3.d4 f6
4.Bf1c4 a6
5.Bc4xg8 Rh8xg8
6.c3 d6
7.Qd1b3 Qd8e7
8.Qb3xg8 Qe7f7
9.Qg8xf7 Kxf7
10.O-O g6
11.Rf1e1 Ke6
 { time }
0-1

[Event "Tourn. n9949"]
[Site "www.echecsemail.com"]
[Date "2018.10.02"]
[Round "1"]
[White "J1j6"]
[Black "Amaya"]
[WhiteElo "2050"]
[BlackElo "2090"]
[Result "0-1"]
[Round "1"]
1.Ng1f3 e6
2.c4 Ng8f6
3.d4 d5
4.cxd5 Nf6xd5
5.e4 Nd5f6
6.Bc1g5 Bf8e7
7.Bg5xf6 Be7xf6
8.e5 Bf6e7
9.Bf1b5 c6
 { time }
0-1

[Event "Tourn. n9941"]
[Site "www.echecsemail.com"]
[Date "2018.10.02"]
[Round "1"]
[White "Coolant"]
[Black "Obisporey"]
[WhiteElo "2320"]
[BlackElo "2550"]
[Result "0-1"]
[Round "1"]
1.Ng1f3 d5
2.d4 Ng8f6
3.Bc1f4 Bc8f5
4.e3 e6
5.Bf1d3 Nf6e4
6.Nb1d2 Bf8d6
7.Bf4xd6 cxd6
8.O-O O-O
9.Qd1e2 Nb8c6
10.c3 Ra8c8
11.Nf3e1 Qd8b6
12.Ra1b1 Bf5g6
13.f3 Ne4f6
14.Bd3xg6 hxg6
15.Rf1f2 e5
16.f4 Rf8e8
17.Qe2f3 exd4
18.exd4 Nf6e4
19.Nd2xe4 dxe4
20.Qf3e3 Qb6a6
21.a3 Nc6a5
22.Ne1c2 Na5c4
23.Qe3e2 e3
24.Rf2f1 Nc4d2
25.Qe2xa6 bxa6
26.Rb1e1 Rc8b8
27.b4 Nd2xf1
28.Kxf1 Rb8c8
{ resign }
0-1

[Event "Tourn. n9932"]
[Site "www.echecsemail.com"]
[Date "2018.10.02"]
[Round "1"]
[White "J1j6"]
[Black "Fabos12"]
[WhiteElo "1870"]
[BlackElo "1930"]
[Result "0-1"]
[Round "1"]
1.Ng1f3 e6
2.e4 Nb8c6
3.d4 d5
4.exd5 exd5
5.Nb1c3 Ng8f6
6.Nf3e5 Bf8d6
7.Ne5xc6 bxc6
8.Bc1g5 O-O
9.Bf1e2 Rf8e8
10.O-O h6
11.Bg5h4 Bc8f5
 { time }
0-1

[Event "Tourn. n9951"]
[Site "www.echecsemail.com"]
[Date "2018.10.02"]
[Round "1"]
[White "Odin"]
[Black "Falcoale"]
[WhiteElo "1940"]
[BlackElo "1930"]
[Result "1-0"]
[Round "1"]
1.e4 c5
2.Bf1c4 e6
3.c3 Nb8c6
4.Ng1e2 Ng8f6
5.d3 Nc6a5
6.Bc4b5 a6
7.Bb5a4  { time }
1-0

[Event "Match"]
[Site "www.echecsemail.com"]
[Date "2018.10.02"]
[Round "1"]
[White "Trisomie73"]
[Black "Calponas"]
[WhiteElo "1809"]
[BlackElo "2080"]
[Result "0-1"]
[Round "1"]
1.e4 e6
2.d4 d5
3.Nb1c3 dxe4
4.Nc3xe4 Bc8d7
5.Ng1f3 Bd7c6
6.Bf1d3 Ng8f6
7.Ne4xf6 gxf6
8.O-O Bf8d6
9.c4 Bc6xf3
10.Qd1xf3 c6
11.b4 Nb8d7
12.c5 Bd6e7
13.Rf1e1 f5
14.Re1xe6 fxe6
 { time }
0-1

[Event "Tourn. n9934"]
[Site "www.echecsemail.com"]
[Date "2018.10.02"]
[Round "1"]
[White "Foxy100"]
[Black "Jazzy"]
[WhiteElo "2320"]
[BlackElo "2270"]
[Result "1-0"]
[Round "1"]
1.e4 d6
2.d4 Ng8f6
3.Nb1c3 g6
4.Ng1f3 Bf8g7
5.Bf1e2 O-O
6.O-O Nb8d7
7.e5 Nf6e8
8.h3 c6
9.Bc1f4 d5
10.Qd1d2 f6
11.exf6 exf6
12.a4 Rf8f7
13.Rf1e1 Nd7f8
14.Be2d3 Ne8d6
15.Bf4g3 Bc8f5
16.Re1e2 Rf7e7
17.Re2xe7 Qd8xe7
18.Bg3xd6 Qe7xd6
19.Bd3xf5 gxf5
20.Nf3h4 f4
21.Nc3e2 Nf8e6
22.Ra1e1 Kf7
23.Ne2c1 Ra8g8
24.Qd2e2 Ne6xd4
25.Qe2h5 { resign }
1-0

[Event "Tourn. n9923"]
[Site "www.echecsemail.com"]
[Date "2018.10.02"]
[Round "1"]
[White "Madz123456"]
[Black "Dussek"]
[WhiteElo "1800"]
[BlackElo "1840"]
[Result "0-1"]
[Round "1"]
1.e4 e6
2.d4 d5
3.exd5 exd5
4.Nb1c3 Ng8f6
5.Ng1f3 Bf8b4
6.Bf1d3 O-O
7.O-O Bc8g4
8.Bc1g5 Nb8d7
9.Nc3xd5 Bb4d6
10.Nd5e3 Bg4h5
11.Ne3f5 Bd6b4
12.c3 Bb4a5
13.b4 Ba5b6
14.Qd1d2 Rf8e8
15.Rf1e1 Bh5xf3
16.Re1xe8 Qd8xe8
17.gxf3 c6
18.Nf5xg7 Kxg7
 { time }
0-1

[Event "Match"]
[Site "www.echecsemail.com"]
[Date "2018.10.02"]
[Round "1"]
[White "Mitja"]
[Black "Bojan"]
[WhiteElo "1960"]
[BlackElo "1940"]
[Result "1-0"]
[Round "1"]
1.d4 d5
2.e3 a6
3.c3 Bc8d7
4.h3 Bd7b5
5.Bf1e2 e6
6.Ng1f3 Ng8f6
7.b3 c5
8.dxc5 Bf8xc5
9.Bc1b2 O-O
10.Be2xb5 axb5
11.O-O Nb8c6
12.Nb1a3 Bc5xa3
13.Bb2xa3 Ra8xa3
14.Nf3d4 Nc6xd4
15.cxd4 Qd8a8
16.Qd1e2 Qa8a6
17.Rf1c1 b4
18.Qe2d2 Qa6b6
19.g3 Nf6e4
20.Qd2c2 Ne4c3
21.Qc2d2 Qb6c6
22.Kg2 Rf8a8
23.Rc1c2 Ra8a6
24.h4 e5
25.dxe5 d4
26.Kh2 dxe3
27.Qd2d8 { resign }
1-0

[Event "Tourn. n9958"]
[Site "www.echecsemail.com"]
[Date "2018.10.02"]
[Round "1"]
[White "Mitja"]
[Black "Fantomas"]
[WhiteElo "2010"]
[BlackElo "2120"]
[Result "0-1"]
[Round "1"]
1.d4 d5
2.e3 Ng8f6
3.h3 Bc8f5
4.c3 c6
5.Ng1e2 Nb8d7
6.Ne2g3 Bf5g6
7.Bf1d3 Nf6e4
8.Ng3xe4 dxe4
9.Bd3e2 e6
10.Nb1d2 Nd7f6
11.b3 Bf8d6
12.Bc1b2 O-O
13.Nd2c4 Bd6c7
14.Bb2a3 Rf8e8
15.Nc4d2 a5
16.Ba3b2 e5
17.dxe5 Bc7xe5
18.Nd2c4 Be5c7
19.Bb2a3 Nf6d5
20.Ba3b2 Qd8g5
21.g4 Qg5h4
22.Qd1c2 b5
23.Nc4d2 Nd5xe3
24.Qc2c1 Ne3g2
25.Kf1 e3
26.Nd2f3 Qh4xf2
{ resign }
0-1

[Event "1/128 Finale"]
[Site "www.chess-mail.com"]
[Date "2018.10.02"]
[Round "1"]
[White "Jaky09"]
[Black "Remus"]
[WhiteElo "1499"]
[BlackElo "1499"]
[Result "0-1"]
[Round "1"]
1.d4 Ng8f6
2.Bc1f4 e6
3.Nb1c3 d5
4.e3 Bf8b4
5.Qd1d3 a6
6.O-O-O O-O
7.Nc3e2 Rf8e8
8.c3 Bb4d6
9.Bf4xd6 Qd8xd6
10.Ng1f3 Nf6e4
 { time }
0-1

[Event "1/32 Finale"]
[Site "www.chess-mail.com"]
[Date "2018.10.02"]
[Round "1"]
[White "Add"]
[Black "Szustan"]
[WhiteElo "2230"]
[BlackElo "2560"]
[Result "0-1"]
[Round "1"]
1.e4 e5
2.Ng1f3 Nb8c6
3.d4 exd4
4.Nf3xd4 Bf8c5
5.Nd4f3 Ng8f6
6.Bc1g5 Bc5xf2
7.Kxf2 Nf6xe4
8.Ke1 Ne4xg5
9.Bf1e2 d5
10.Qd1d2 Ng5e4
11.Qd2e3 O-O
12.Nb1d2 Rf8e8
13.Qe3f4 g5
14.Nf3xg5 Ne4xg5
15.Kd1 Ng5e6
16.Qf4g3 Ne6g7
17.Rh1f1 Qd8e7
18.Be2d3 Nc6b4
19.a3 Nb4xd3
20.cxd3 Qe7e2
21.Kc2 Re8e3
22.Ra1e1 Qe2xd3
{ resign }
0-1

[Event "Fast Game"]
[Site "www.echecsemail.com"]
[Date "2018.10.02"]
[Round "1"]
[White "Rav"]
[Black "Apdash"]
[WhiteElo "1799"]
[BlackElo "1910"]
[Result "0-1"]
[Round "1"]
1.e4 c5
2.c3 e5
3.Ng1f3 Nb8c6
4.Bf1b5 Ng8e7
5.d4 cxd4
6.cxd4 Nc6xd4
7.Nf3xd4 exd4
8.Qd1xd4 Ne7c6
9.Qd4d1 Bf8c5
10.O-O O-O
11.Nb1c3 a6
12.Bb5c4 b5
13.Bc4d5 Bc8b7
14.Bc1f4 Qd8b6
15.Ra1c1 d6
16.Nc3e2 Ra8d8
17.Ne2g3 Nc6e7
18.Qd1d2 a5
19.Bf4g5 Rd8d7
20.Bg5e3 Bc5xe3
21.fxe3 Ne7g6
22.Bd5xb7 Rd7xb7
23.Ng3f5 Rb7d7
24.Qd2d4 Qb6xd4
25.exd4 Ng6e7
26.Nf5xe7 { time. }
0-1

[Event "Tourn. n9947"]
[Site "www.echecsemail.com"]
[Date "2018.10.03"]
[Round "1"]
[White "Ff333"]
[Black "J1j6"]
[WhiteElo "2160"]
[BlackElo "2050"]
[Result "1-0"]
[Round "1"]
1.e4 e6
2.d4 d5
3.e5 Nb8c6
4.c3 b6
5.Bf1b5 Bc8b7
6.Ng1f3 a6
7.Bb5a4 b5
8.Ba4b3 Bf8e7
9.a4 bxa4
10.Bb3xa4 Qd8d7
11.O-O f6
12.Bc1f4  { time }
1-0

[Event "Tourn. n9958"]
[Site "www.echecsemail.com"]
[Date "2018.10.03"]
[Round "1"]
[White "Fantomas"]
[Black "Coolant"]
[WhiteElo "2120"]
[BlackElo "2290"]
[Result "0-1"]
[Round "1"]
1.e4 c5
2.Ng1f3 e6
3.d4 cxd4
4.Nf3xd4 a6
5.Bf1e2 Qd8c7
6.O-O Nb8c6
7.Nd4b3 Ng8f6
8.Nb1d2 Bf8d6
9.g3 b5
10.Be2f3 Bc8b7
11.Rf1e1 h5
12.Nd2f1 Ra8c8
13.c3 h4
14.Nb3d4 hxg3
15.fxg3 Nc6e5
16.Bc1f4 Ne5xf3
17.Qd1xf3 e5
18.Nd4f5 exf4
19.Nf5xd6 Qc7xd6
20.gxf4 Rh8h4
{ resign }
0-1

[Event "Match"]
[Site "www.echecsemail.com"]
[Date "2018.10.03"]
[Round "1"]
[White "Gilliere"]
[Black "Darknight"]
[WhiteElo "1980"]
[BlackElo "1940"]
[Result "1/2-1/2"]
[Round "1"]
1.d4 d5
2.c4 e6
3.e3 h6
4.c5 b6
5.b4 a6
6.Ng1f3 c6
7.Bc1b2 b5
8.Nb1d2 Ng8f6
9.Bf1d3 a5
10.a3 a4
11.O-O g5
12.h3 Nb8d7
13.Rf1e1 Bc8b7
14.e4 g4
15.hxg4 Nf6xg4
16.Nf3h2 Ng4xh2
17.Kxh2 h5
18.Qd1f3 Nd7f6
19.Kg1 Nf6g4
20.Qf3g3 Bf8e7
21.Nd2f3 Bb7c8
22.e5 Qd8d7
23.Kf1 Rh8g8
24.Qg3h3 Rg8h8
25.Ke2 Bc8b7
26.Re1h1 O-O-O
27.Bb2c1 Rd8g8
28.g3 Kb8
29.Bc1f4 Ka7
30.Qh3g2 f6
31.Rh1h3 Be7f8
32.Ra1h1 Qd7e8
33.Nf3h4 Bf8g7
34.Nh4g6 Rh8h7
35.Rh3xh5 Rh7xh5
36.Rh1xh5 f5
37.f3 Qe8xg6
38.Rh5g5 Qg6f7
39.fxg4 fxg4
40.Rg5xg4 Rg8h8
41.Bd3g6 Qf7g8
42.Rg4h4 Bg7h6
43.Rh4xh6 Rh8xh6
44.Bf4xh6 Qg8xg6
45.Bh6f4 Qg6c2
46.Kf3 Qc2c3
47.Kg4 Qc3xa3
48.Qg2d2 Qa3b3
49.Kg5 a3
50.Qd2c1 a2
51.Bf4d2 Qb3b1
52.Qc1a3 Bb7a6
53.Qa3a5 a1Q
54.Qa5b6 Ka8
55.Qb6d8 Ka7
56.Qd8b6 Ka8
57.Qb6d8 Kb7
58.Qd8b6 Kc8
59.Qb6xc6 Kb8
60.Qc6b6 Ba6b7
61.Qb6d8 Bb7c8
62.Qd8b6 Ka8
63.Qb6c6 Kb8
64.Qc6b6 Ka8
{ draw }
1/2-1/2

[Event "Tourn. n9908"]
[Site "www.echecsemail.com"]
[Date "2018.10.03"]
[Round "1"]
[White "Comrade"]
[Black "Apdash"]
[WhiteElo "2180"]
[BlackElo "2070"]
[Result "1-0"]
[Round "1"]
1.e4 e5
2.Ng1f3 Nb8c6
3.Bf1c4 d6
4.d3 Bf8e7
5.Bc1e3 Ng8f6
6.Nb1c3 O-O
7.O-O Nc6a5
8.Qd1e2 Na5xc4
9.dxc4 c6
10.Ra1d1 Qd8c7
11.h3 Bc8e6
12.b4 a5
13.a3 axb4
14.axb4 Rf8d8
15.Be3g5 Ra8a3
16.Nc3b1 Ra3a4
17.Bg5d2 d5
18.cxd5 cxd5
19.Nb1c3 Ra4a8
20.exd5 Nf6xd5
21.Nc3xd5 Rd8xd5
22.c4 Rd5d8
23.c5 b5
24.Nf3xe5 Ra8a2
25.Rf1e1 Be7f6
26.f4 Be6b3
27.Ne5c4 g6
28.Nc4d6 Bb3xd1
29.Qe2xd1 Ra2a1
30.Qd1e2 Ra1xe1
31.Bd2xe1 Rd8b8
32.Be1g3 Bf6d4
33.Kh2 Qc7c6
34.f5 Rb8a8
35.fxg6 hxg6
36.Nd6xb5 Qc6f6
37.Nb5xd4 Qf6xd4
38.Bg3e5 Ra8e8
39.Be5xd4 Re8xe2
40.c6 Kf8
41.c7 Re2e8
42.b5 Ke7
43.b6 Kd7
44.h4 Kc6
45.g4 Kb7
46.Kg3 Re8e4
47.Bd4f2 Re4c4
48.Bf2e3 f6
49.h5 gxh5
50.gxh5 Rc4a4
51.h6 Ra4a8
52.Kg4 Ra8e8
53.Be3f2 Re8e2
54.Kf3 Re2e5
55.Kg4 Re5e2
56.Bf2g3 Re2e8
57.Kf5 Re8e3
58.h7 Re3e8
59.Kxf6 Kxb6
60.Kf7 Re8c8
61.Kg7 Kb7
62.h8Q Rc8xh8
63.Kxh8 Kc8
64.Kg8 Kd7
65.Kf8 Kc8
66.Ke8 Kb7
67.Kd8 Ka6
68.c8Q { resign }
1-0

[Event "Tourn. n9894"]
[Site "www.echecsemail.com"]
[Date "2018.10.03"]
[Round "1"]
[White "Julian"]
[Black "Falcoale"]
[WhiteElo "1800"]
[BlackElo "1880"]
[Result "1-0"]
[Round "1"]
1.e4 c5
2.Ng1f3 Nb8c6
3.c3 e6
4.d4 cxd4
5.cxd4 d6
6.Nb1c3 Ng8f6
7.Bf1d3 Bf8e7
8.Bc1g5 h6
9.Bg5h4 O-O
10.O-O a6
11.Rf1e1 b5
12.e5 dxe5
13.dxe5 Nf6d7
14.Bh4xe7 Qd8xe7
15.Ra1c1 Bc8b7
16.Nc3e4 Ra8d8
17.Ne4d6 Bb7a8
18.Bd3b1 Nc6xe5
19.Nf3xe5 Nd7xe5
20.Re1xe5 Qe7xd6
21.Qd1xd6 Rd8xd6
22.h4 Rf8d8
23.Kh2 Ba8d5
24.g4 Bd5c4
25.b3 Bc4d5
26.f4  { time }
1-0

[Event "Tourn. n9938"]
[Site "www.echecsemail.com"]
[Date "2018.10.03"]
[Round "1"]
[White "Madz123456"]
[Black "Bojan"]
[WhiteElo "1930"]
[BlackElo "1950"]
[Result "0-1"]
[Round "1"]
1.e4 e5
2.Ng1f3 Qd8f6
3.Nb1c3 c6
4.d4 exd4
5.Bc1g5 Qf6e6
6.Nf3xd4 Qe6e5
7.Qd1d2 Bf8b4
8.Bg5f4 Bb4xc3
9.bxc3 Qe5xe4
 { time }
0-1

[Event "Tourn. n9933"]
[Site "www.echecsemail.com"]
[Date "2018.10.03"]
[Round "1"]
[White "Tarasch"]
[Black "J1j6"]
[WhiteElo "2190"]
[BlackElo "2020"]
[Result "1-0"]
[Round "1"]
1.d4 d5
2.c4 dxc4
3.e3 b5
4.a4 c6
5.axb5 cxb5
6.Qd1f3 Nb8d7
7.Qf3xa8 Qd8c7
8.Qa8xa7 Qc7xa7
9.Ra1xa7 Ng8f6
10.Ng1f3 Nf6d5
11.Nb1c3 Nd5b4
12.Nc3xb5  { time }
1-0

[Event "Match"]
[Site "www.echecsemail.com"]
[Date "2018.10.03"]
[Round "1"]
[White "Gimmyg"]
[Black "Apdash"]
[WhiteElo "2550"]
[BlackElo "2150"]
[Result "1-0"]
[Round "1"]
1.Ng1f3 Ng8f6
2.c4 e6
3.d4 Bf8b4
4.Nb1c3 d5
5.cxd5 Nf6xd5
6.Qd1c2 Nb8d7
7.e4 Nd5xc3
8.bxc3 Bb4e7
9.Bf1e2 c5
10.O-O O-O
11.Bc1f4 b6
12.Rf1d1 cxd4
13.Be2b5 a6
14.Bb5c6 Ra8a7
15.cxd4 Bc8b7
16.d5 Nd7c5
17.Bc6xb7 Nc5xb7
18.dxe6 Qd8e8
19.Qc2c7 fxe6
20.Bf4e3 Be7d8
21.Qc7b8 { resign }
1-0

[Event "Tourn. n9958"]
[Site "www.echecsemail.com"]
[Date "2018.10.03"]
[Round "1"]
[White "Fantomas"]
[Black "Orhany24"]
[WhiteElo "2120"]
[BlackElo "2070"]
[Result "1/2-1/2"]
[Round "1"]
1.e4 e5
2.Ng1f3 Nb8c6
3.d4 exd4
4.Nf3xd4 d6
5.Nb1c3 a6
6.Nd4xc6 bxc6
7.Bf1c4 Bc8e6
8.Qd1d3 Ng8f6
9.O-O Bf8e7
10.a4 O-O
11.Bc4xa6 Nf6g4
12.f4 f5
13.Ba6b7 fxe4
14.Nc3xe4 Ra8a5
15.Bb7xc6 d5
16.Ne4c3 Be7c5
17.Kh1 Qd8h4
18.Qd3g3 Ng4f2
19.Rf1xf2 Bc5xf2
20.Qg3xh4 Bf2xh4
21.b4 Ra5a7
22.Nc3xd5 Be6xd5
23.Bc6xd5 Kh8
24.Bc1e3 Bh4f6
25.Be3xa7 Bf6xa1
26.g3 Ba1c3
27.b5 Rf8d8
28.Bd5b3 { draw }
1/2-1/2

[Event "Tourn. n9915"]
[Site "www.echecsemail.com"]
[Date "2018.10.03"]
[Round "1"]
[White "Cal"]
[Black "Picifarkinca"]
[WhiteElo "1690"]
[BlackElo "1450"]
[Result "0-1"]
[Round "1"]
1.c4 e5
2.e4 Ng8f6
3.d3 Bf8c5
4.h3 h6
5.Ng1f3 Qd8e7
6.a3 a5
7.Bc1d2 O-O
8.Nb1c3 Nb8c6
9.b3 Nc6d4
10.Nf3xd4 Bc5xd4
11.Bf1e2 c6
12.Nc3a4 Rf8d8
13.O-O Bd4xa1
14.Qd1xa1 b5
15.cxb5 cxb5
16.Na4c3 b4
17.axb4 Bc8b7
18.bxa5 d5
19.Qa1a4 dxe4
20.Nc3b1 exd3
21.Bd2b4 Qe7d7
22.Qa4xd7 Rd8xd7
23.Be2d1 Nf6d5
24.Bb4d2 Nd5f4
25.Nb1c3 Nf4xg2
26.f3 Ng2f4
27.b4 Nf4e2
28.Bd1xe2 dxe2
29.Nc3xe2 Rd7xd2
30.Ne2g3 Bb7a6
31.Rf1e1 f6
32.Ng3e4 Rd2b2
33.Ne4c3 Rb2xb4
34.Nc3d5 Rb4d4
35.Nd5e7 Kf7
36.Ne7f5 Rd4d3
37.Kg2 Ba6c8
38.Nf5h4 Ra8xa5
39.Re1c1 Bc8e6
40.Rc1c7 Rd3d7
41.Rc7c6 g5
42.Nh4g6 Be6xh3
43.Kxh3 Kxg6
44.Kg3 Ra5d5
45.Rc6e6 Kf5
46.Re6a6 h5
47.Ra6a4 h4
48.Kh3 Rd5d3
49.Ra4e4 Rd3xf3
{ resign }
0-1